000 00288nam a2200097Ia 4500
005 20250424112836.0
008 250424s9999 xx 000 0 und d
300 _a88 p. :ill. ; 30 cm.
650 _aPetroleum industry and trade--Directories. Petroleum refineries--Directories.
942 _cSR
999 _c37452
_d37452